000
00285nam a2200109Ia 4500
999
_c
9549
_d
9549
020
_a
9788177587524
100
_a
Zimmerer, Scarborough
245
0
_a
Essenrtials of Entrepreneurship and Small Business Management
260
_a
India
_b
Tata McGraw Hill
_c
2003
300
_a
530
942
_c
BK